Països d'Àsia - Statistics

General Stats
  • This quiz has been taken 102 times
  • The average score is 26 of 48
Answers on the Map
Answers color-coded by a green-red scale on the quiz's map according to % correct below.
 
Answer Stats
Country % Correct
Turquia
93%
Xina
93%
Índia
87%
Japó
87%
Aràbia Saudita
80%
Indonèsia
80%
Maldives
80%
Mongòlia
80%
Armènia
73%
Filipines
73%
Tailàndia
73%
Iemen
67%
Iran
67%
Israel
67%
Nepal
67%
Bangladesh
60%
Corea del Nord
60%
Corea del Sud
60%
Geòrgia
60%
Iraq
60%
Kazakhstan
60%
Oman
60%
Pakistan
60%
Qatar
60%
Taiwan
60%
Xipre
60%
Cambodja
53%
Myanmar
53%
Síria
53%
Afganistan
47%
Líban
47%
Singapur
47%
Timor Oriental
47%
Uzbekistan
47%
Bhutan
40%
Brunei
40%
Jordània
40%
Laos
40%
Sri Lanka
40%
Turkmenistan
40%
Vietnam
40%
Bahrain
33%
Emirats Àrabs Units
33%
Malàisia
27%
Kuwait
20%
Tadjikistan
20%
Azerbaidjan
7%
Kirguizstan
0%
No matching quizzes found
Score Distribution
Percent of People with Each Score
Percentile by Number Answered
Your Score History
You have not taken this quiz